000 00867cam a22002653a 4500
001 27408
003 PGUSA
005 20140828083607.0
008 081204s2008||||xxu|||||s|||||000 p eng d
040 _aPGUSA
_beng
042 _adc
050 4 _aPR
245 1 0 _aMollie Charane, and Other Ballads
_h[electronic resource]
260 _bProject Gutenberg,
_c2008
505 0 _aMollie Charane -- The Danes of yore -- A survey of death -- Desiderabilia vitæ -- Saint Jacob -- The renegade -- An impromptu -- A hymn -- The transformed damsel.
506 _aPublic domain in the USA.
516 _aElectronic text
653 _aBallads
653 _aEnglish poetry
700 1 _aBorrow, George,
_d1803-1881
700 1 _aWise, Thomas James,
_d1859-1937
830 0 _aProject Gutenberg
_v27408
856 4 0 _uhttp://www.gutenberg.org/ebooks/27408
942 _cEB
999 _c256663
_d256663